Change and prosperity : (Registro nro. 8337)

Detalles MARC
000 -LEADER
fixed length control field 01108nam a2200241Ia 4500
003 - CONTROL NUMBER IDENTIFIER
control field OSt
005 - DATE AND TIME OF LATEST TRANSACTION
control field 20210824110657.0
008 - FIXED-LENGTH DATA ELEMENTS--GENERAL INFORMATION
fixed length control field 210310t1998 eu ad fr 100 0 eng d
020 ## - INTERNATIONAL STANDARD BOOK NUMBER
International Standard Book Number 0898432480
040 ## - CATALOGING SOURCE
Original cataloging agency CO-JMCR
Transcribing agency CO-JMCR
041 0# - LANGUAGE CODE
Language code of text/sound track or separate title eng
082 04 - DEWEY DECIMAL CLASSIFICATION NUMBER
Classification number 339.5006 /
Item number C748c
Edition number 23
111 2# - MAIN ENTRY--MEETING NAME
Meeting name or jurisdiction name as entry element Conference Change and Prosperity
Date of meeting or treaty signing (1998 :
Location of meeting Aspen, Colorado)
9 (RLIN) 39598
245 10 - TITLE STATEMENT
Title Change and prosperity :
Remainder of title the Aspen Institute Program on the world economy /
Statement of responsibility, etc. Conference Report Change and Prosperity, Aspen, August 19-22 1998
260 ## - PUBLICATION, DISTRIBUTION, ETC.
Place of publication, distribution, etc. Washington D. C. :
Name of publisher, distributor, etc. The Aspen Institute,
Date of publication, distribution, etc. 1998
300 ## - PHYSICAL DESCRIPTION
Extent 62 páginas :
Other physical details ilustraciones y gráficas a blanco y negro ;
Dimensions 23 cm.
505 0# - FORMATTED CONTENTS NOTE
Formatted contents note Acknowledgments -- The global macroeconomic outlook -- Structural reform and institution building -- Looking to the future
650 14 - SUBJECT ADDED ENTRY--TOPICAL TERM
Topical term or geographic name entry element Competencia económica internacional
9 (RLIN) 16977
Form subdivision Congresos, conferencias, etc.
650 24 - SUBJECT ADDED ENTRY--TOPICAL TERM
Topical term or geographic name entry element Mercado laboral
Form subdivision Congresos, conferencias, etc.
9 (RLIN) 39599
651 #4 - SUBJECT ADDED ENTRY--GEOGRAPHIC NAME
Geographic name Europa
General subdivision Integración económica
9 (RLIN) 39600
651 #4 - SUBJECT ADDED ENTRY--GEOGRAPHIC NAME
Geographic name Estados Unidos
General subdivision Integración económica
9 (RLIN) 39601
942 ## - ADDED ENTRY ELEMENTS (KOHA)
Source of classification or shelving scheme Dewey Decimal Classification
Koha item type Books
Existencias
Withdrawn status Lost status Source of classification or shelving scheme Damaged status Not for loan Collection code Home library Current library Date acquired Source of acquisition Full call number Barcode Date last seen Copy number Koha item type
    Dewey Decimal Classification     Non-fiction Biblioteca Pública José María del Castillo y Rada Biblioteca Pública José María del Castillo y Rada 04/15/2018 Donación 339.5006 / C748c 430006302 05/16/2024 Ej.1 Books